Does the price impact of flooding fade away? (Record no. 78030)

MARC details
000 -LEADER
fixed length control field 00695cab a2200181 4500
001 - CONTROL NUMBER
control field L135839
008 - FIXED-LENGTH DATA ELEMENTS--GENERAL INFORMATION
fixed length control field 061213n2006 000 0 eng u
035 ## - SYSTEM CONTROL NUMBER
System control number (Sirsi) u135839
041 0# - LANGUAGE CODE
Language code of text/sound track or separate title eng
100 1# - MAIN ENTRY--PERSONAL NAME
Personal name Lamond, Jessica
245 00 - TITLE STATEMENT
Title Does the price impact of flooding fade away?
260 ## - PUBLICATION, DISTRIBUTION, ETC.
Date of publication, distribution, etc. 2006
490 #0 - SERIES STATEMENT
Series statement Structural Survey
Volume/sequential designation 24(5) 2006, 363-377(15)
520 ## - SUMMARY, ETC.
Summary, etc. Looks at the potential impact on property prices of severe flood events and argues that there is only expected to be a temporary effect when likely future recovery is taken into account.
690 ## - LOCAL SUBJECT ADDED ENTRY--TOPICAL TERM (OCLC, RLIN)
Topical term or geographic name as entry element ENVIRONMENTAL AND LAND CONSULTANCY-WATER RESOURCE MANAGEMENT-FLOODING
700 1# - ADDED ENTRY--PERSONAL NAME
Personal name Proverbs, David G.
942 ## - ADDED ENTRY ELEMENTS (KOHA)
Suppress in OPAC 0
Holdings
Withdrawn status Lost status Source of classification or shelving scheme Damaged status Not for loan Home library Current library Shelving location Date acquired Total Checkouts Full call number Barcode Date last seen Copy number Price effective from Koha item type
    Dewey Decimal Classification     London London Journal article 13/12/2006   L135839 135839-1001 06/08/2019 1 06/08/2019 Journal article